Quizzes
Events
Quiz Creation
Community
Videos
Private Events
Remove Ads
Sign In
Join for FREE
Feedback
Dark Mode
Quiz Categories
Sports
Geography
Music
Movies
Television
Just For Fun
Miscellaneous
History
Literature
Language
Science
Gaming
Entertainment
Religion
Holiday
For Kids
Quiz Lab
Recent
Popular Today
Quiz Kudos Today
Editor Picks
Curator Picks
Quizzes by...
Day
Popularity
Type
Ratings
Length
Year
Community
Subscriptions
Recent Discussions
Orange Saloon
Badges
Playlists
Quests
Create
Leaderboards
Showdown
Live 5
Trivia Bingo
Activity
Puzzle Library
Sporcle Events
Private Events
Virtual Trivia
Globe League
Become a Host
Pub Owners
SporcleCon
Opinionation
Our Games
Videos
Blog
Mobile Apps
Partnerships
Remove Ads and Go Orange
Feedback
Television
TV Characters
TV Show
Sitcom
Network
Friends
Reality Shows
Cast
South Park
Star Trek
The Simpsons
Doctor Who
Television
TV Characters
TV Show
Sitcom
Network
Friends
Reality Shows
Cast
South Park
Star Trek
The Simpsons
Doctor Who
Random Quiz
Search Sporcle
×
Quiz Lab
Quiz Lab
Television
Type in answers that appear in a list
Type in answers that appear in a list
Classic
Best Score? Go Orange.
Star Trek TNG (Friends-style) Stats
Can you name the Next Generation episodes and movies from the Friends-style hints?
By
jonTK
20m
180 Questions
449 Plays
449 Plays
449 Plays
Comments
Comments
Give Quiz Kudos
Give Quiz Kudos
-
- Ratings
hide this ad
Replay
Link that replays current quiz
Next Quiz
Link to next quiz in quiz playlist
You Got
0%
They Got
Avg Score
65%
Avg Friend Score
Upgrade to see
Score Distribution
Jump to the score distribution portion of the page
Score
0/180
Timer
20:00
0
Plays Today
% Correct
Encounter at Farpoint
95.5%
The Naked Now
88%
The Best of Both Worlds
87.1%
The Best of Both Worlds Part II
87.1%
The Child
85.1%
The Measure of a Man
83.7%
Data's Day
83.5%
Code of Honor
83.3%
First Contact
83.1%
Yesterday's Enterprise
82.4%
Elementary Dear Data
82%
I, Borg
81.7%
Family
80.6%
Unification I
80.6%
Unification II
80.6%
Skin of Evil
80.4%
Brothers
80%
Qpid
80%
All Good Things...
79.3%
The Offspring
78.8%
Hide and Q
78.6%
Q Who
78.2%
Devil's Due
78%
Time's Arrow
78%
Time's Arrow, Part II
78%
Tapestry
77.5%
Datalore
77.3%
Chain of Command, Part I
76.4%
Chain of Command, Part II
76.4%
Sins of the Father
76.2%
Sarek
76.2%
Where No One Has Gone Before
75.9%
We'll Always Have Paris
75.9%
Ensign Ro
75.9%
The Game
75.9%
Conspiracy
75.7%
Remember Me
75.7%
The Inner Light
75.7%
The Most Toys
75.5%
Darmok
75.5%
Final Mission
75.1%
The Nth Degree
74.6%
Redemption
74.4%
Redemption, Part II
74.4%
The First Duty
74.4%
The Last Outpost
74.2%
A Fistful of Datas
74.2%
Imaginary Friend
73.7%
Descent
73.7%
Descent, Part II
73.7%
The Royale
73.5%
Shades of Grey
73.5%
Captain's Holiday
73.1%
The Dauphin
72.8%
Future Imperfect
72.8%
The Neutral Zone
72.2%
A Matter of Honor
71.9%
Who Watches the Watchers
71.9%
Cause and Effect
71.9%
Justice
71.5%
% Correct
Disaster
71.5%
The Battle
70.8%
Angel One
70.8%
Relics
70.8%
Ship in a Bottle
70.6%
Up the Long Ladder
70.4%
Menage a Troi
70.4%
Galaxy's Child
69.9%
Haven
69.7%
The Emissary
69.7%
When the Bough Breaks
69.5%
The Drumhead
69.5%
Night Terrors
69.3%
Tin Man
69%
Clues
68.8%
The Ensigns of Command
68.4%
Violations
68.4%
Where Silence Has Lease
67.9%
The Loss
67.7%
Gambit, Part I
67.7%
Gambit, Part II
67.7%
Peak Performance
67.5%
Deja Q
67.5%
Star Trek: Nemesis
67%
Sub Rosa
66.8%
The Masterpiece Society
66.6%
Star Trek Generations
66.6%
Booby Trap
66.4%
The Big Goodbye
66.1%
Starship Mine
66.1%
Evolution
65.9%
Parallels
65.5%
Lower Decks
65.3%
The Enemy
65%
In Theory
65%
True Q
65%
Masks
65%
Face of the Enemy
64.8%
The Pegasus
64.8%
Star Trek: Insurrection
64.8%
The Arsenal of Freedom
63.9%
Legacy
63.9%
Silicon Avatar
63.9%
Heart of Glory
63.7%
Manhunt
63.5%
Second Chances
63.5%
A Matter of Perspective
62.8%
Dark Page
62.8%
Time Squared
62.6%
The Vengeance Factor
62.6%
Too Short a Season
62.4%
Power Play
62.4%
Conundrum
62.1%
Ethics
62.1%
Birthright, Part I
62.1%
Birthright, Part II
62.1%
The Host
61.9%
Rascals
61.9%
The Perfect Mate
61.7%
The Chase
61.5%
% Correct
Genesis
61.5%
Reunion
61.2%
The Schizoid Man
61%
The Icarus Factor
61%
The Next Phase
60.6%
The Survivors
60.4%
Aquiel
60.1%
Hollow Pursuits
59.9%
Star Trek: First Contact
59.9%
Symbiosis
59.7%
The Mind's Eye
59.7%
A Matter of Time
59.7%
Home Soil
59.5%
Frame of Mind
59.5%
Man of the People
59.2%
Contagion
59%
The Wounded
59%
Half a Life
59%
The Defector
58.4%
Journey's End
58.4%
Preemptive Strike
58.4%
Timescape
57.9%
The Bonding
57.5%
The High Ground
57.2%
Realm of Fear
57.2%
Pen Pals
57%
Suddenly Human
57%
Schisms
57%
Allegiance
56.6%
The Outrageous Okona
56.1%
The Hunted
56.1%
Identity Crisis
56.1%
Rightful Heir
55.7%
Loud as a Whisper
54.3%
Transfigurations
54.3%
Lessons
53.5%
Bloodlines
53.5%
The Price
53.2%
Unnatural Selection
52.8%
Suspicions
52.3%
Emergence
52.3%
Cost of Living
51.9%
Lonely Among Us
51%
Coming of Age
50.3%
Thine Own Self
50.3%
The Outcast
50.1%
Phantasms
49.7%
Attached
47.7%
11001001
47.2%
Interface
44.8%
Eye of the Beholder
44.8%
The Quality of Life
44.1%
Samaritan Snare
43.7%
Hero Worship
43%
New Ground
42.5%
Force of Nature
41.9%
Homeward
41.4%
Inheritance
41.2%
Firstborn
41.2%
Liaisons
37.2%
Quiz Playlist
Details
Report
Send in Message
Add To Playlist
Classic:
Type in answers that appear in a list
Last Updated: Feb 16, 2017
Quiz Scoreboard
CHALLENGE
Sign Up to Join the Scoreboard
Show All
Scores
Hide
Comments
May contain spoilers
Recently Published
NBA Finals Game Top Scorers (2010s)
by flibbidy
Sports
5m
Guess the 'R' Things in 3 Words
by MSUKent
Miscellaneous
3m
Actor to Badly Drawn Movie III
by MoMosMoProblems
Movies
5m
More to Explore
Quiz From the Vault
Featured Blog Post
Where Does Lost Luggage Go?
hide this ad
You Might Also Like...
Tags
This quiz does not have any tags.
Today's Top Quizzes in Television
Browse Television
hide this ad
Top Contributed Quizzes in Television
1
Hidden Simpsons Character
2
First Name TV: Leading Men
3
Hidden Simpsons Character II
4
Hidden Simpsons Character III
5
First Name TV: Leading Women Drama
6
Hidden Simpsons Character IV
7
Hidden Simpsons Character V
8
Hidden Simpsons Character VI
9
Hidden Simpsons Character VII
10
Pick A Pair: Religious TV
Explore More
Trending Topics
Crossword
NBA
Anime
Harry Potter
Disney
Marvel
Kpop
Song
WWE
The Office
Country
Soccer
Pokémon
Puzzle
NFL
hide this ad
More By:
jonTK
Quiz
Plays
Rating
Category
Featured
Created
franchises with at least 5 films
3,782
2.39
Movies
Aug 13, 2010
Sailor Moon sailor scouts
3,352
4.18
Television
Feb 15, 2010
Disney animated films by first song (CLICKABLE!)
3,333
3.92
Movies
May 24, 2012
Guess the Next to Normal lyrics
2,826
4.60
Music
May 9, 2010
Guess the Next to Normal lyrics 3
2,077
5.00
Music
Dec 17, 2010
Go to Creator's Profile
Score Distribution
Quiz Creator Spotlight
jonTK
Follow
Send a Message
Quizzes Created
-
Created Quiz Play Count
-
More By This Creator
Popular Quizzes Today
1
Find the US States - No Outlines Minefield
2
Find the US States
3
The Countries of the World
4
10 Largest US States in Order
5
Find the Countries of Europe - No Outlines Minefield
6
US States
7
Guess the 'R' Things in 3 Words
8
NBA Finals Game Top Scorers (2010s)
More Television Quizzes
25 Years of Television Beginnings II
Published
Trending Quizzes
First Name TV: Leading Men
Match the Book to the Film II
First Name TV: Leading Women Drama
Pick A Pair: Religious TV
Match the Book to the Film VI
Recently Updated
Women's Final Four Teams by Year
bhenderson79
Presidents Quartet II
eogle
Anything But Clue(do)
eogle
Anything But Oceanian Capitals
eogle
Anything But 7
eogle
Anything But Thing
eogle
Word Ladder: February 29
pecheneg
Song Title Questions
pecheneg
Women's NCAA Tournament #1 Seeds
pecheneg
Celebrity Mug Shots
pecheneg
Trending Topics
Harry Potter
Disney
Kpop
NBA
Anime
Marvel
Crossword
Soccer
Country
WWE
Pokémon
The Office
NFL
Song
Puzzle
Your Account Isn't Verified!
In order to create a playlist on Sporcle, you need to verify the email address you used during registration. Go to your
Sporcle Settings
to finish the process.
Report this User
Report this user for behavior that violates our
Community Guidelines
.
Details:
Send Report
Go to the Sporcle.com Mobile Site →
Comments